Devinez le fruit #1 - Statistiques

Statistiques générales
  • Ce quiz a été pris 236 fois
  • Le résultat moyen est 7 sur 8
Statistiques - réponses
Par images Réponse % Correct
Pommes
96%
Citrons
95%
Kiwis
95%
Poires
93%
Framboises
91%
Mangues
87%
Fraises
86%
Bleuets
68%
Aucun quiz correspondant
Distribution des résultats
% des personnes avec chaque résultat
Percentile par nombre de réponses
Votre historique - résultats
Vous n’avez pas pris ce quiz